| 000 | 01075cam a22003254a 4500 | ||
|---|---|---|---|
| 001 | 6419 | ||
| 003 | FISKH | ||
| 005 | 20250827142748.0 | ||
| 008 | 060329s2007 flua j b 001 0 eng | ||
| 010 | _a 2006010671 | ||
| 020 | _a1600442129 | ||
| 020 | _a9781595155603 | ||
| 020 | _a1595155600 (softcover) | ||
| 040 |
_aDLC _cDLC _dDLC _beng |
||
| 050 | _aTJ1195 .W52 | ||
| 082 | _a621.9 | ||
| 100 | 1 |
_aWhitehouse, Patricia, _d1958- |
|
| 245 | 1 | 0 |
_aTake it apart / _cPatty Whitehouse. |
| 260 |
_aVero Beach : _bRourke Publishing, _c2007. |
||
| 300 |
_a24 pages : _bcolor illustrations ; _c21 cm |
||
| 500 | _aIncludes index. | ||
| 505 | _aG | ||
| 520 | _aPhotographs and simple text describe the large and small tools that are needed to take things apart such as scissors and tin snips, hand and electric saws, axes and wedges, and jackhammers. | ||
| 521 | 8 |
_a300
_bLexile estimate |
|
| 521 | 8 |
_aG
_bRaz-Plus |
|
| 650 | 0 |
_aTools _vJuvenile literature. |
|
| 906 |
_a7 _bcbc _corignew _d1 _eecip _f20 _gy-gencatlg |
||
| 942 |
_2ddc _cBK _n0 |
||
| 999 |
_c6419 _d6419 |
||